00386nam a2200145Ia 450000500170000000800410001704000190005804100120007708200160008924500540010526000410015930000110020065000190021185000100023020230227100918.0131103s9999 xx 000 0 und d aLoreto College aEnglish a821.08bRHY 4aThe Golden treasury of longer poems cErnest Rhys aLondonbJ. M. Dent & Sons ltd.c1936 a374p.  aEnglish Poetry aLCLIB